تقييم 1990 عن وضع العالم / (Record no. 14205)
[ view plain ]
| 000 -LEADER | |
|---|---|
| fixed length control field | 01289nam a22002177a 4500 |
| 008 - FIXED-LENGTH DATA ELEMENTS--GENERAL INFORMATION | |
| fixed length control field | 100624t xxu||||| |||| 00| 0 eng d |
| 020 ## - INTERNATIONAL STANDARD BOOK NUMBER | |
| International Standard Book Number | 0393306143 |
| 082 ## - DEWEY DECIMAL CLASSIFICATION NUMBER | |
| Edition number | 22 |
| Item number | ب ر ا |
| Classification number | 301.31 |
| 100 1# - MAIN ENTRY--PERSONAL NAME | |
| 9 (RLIN) | 15175 |
| Personal name | براون، لستر |
| 245 ## - TITLE STATEMENT | |
| Title | تقييم 1990 عن وضع العالم / |
| Statement of responsibility, etc | لستر ر. براون ... واخ؛ ترجمة سيد رمضان هدارة؛ تحرير شويكار محمد زكي، إيناس عفت. |
| 260 ## - PUBLICATION, DISTRIBUTION, ETC. (IMPRINT) | |
| Place of publication, distribution, etc | القاهرة : |
| Name of publisher, distributor, etc | الجمعية المصرية لنشر المعرفة والثقافة العالمية ، |
| Date of publication, distribution, etc | 1992. |
| 300 ## - PHYSICAL DESCRIPTION | |
| Extent | 332 ص : |
| Dimensions | 24 سم. |
| 500 ## - GENERAL NOTE | |
| General note | " تقرير معهد مراقبة البيئة العالمية نحو تحقيق التقدم المتواصل للمجتمع --- "غلاف |
| 500 ## - GENERAL NOTE | |
| General note | State of the world 1990, by Lester R. Brown et.al. Copyright 1990 by Worldwatch Institute. |
| 650 0# - SUBJECT ADDED ENTRY--TOPICAL TERM | |
| 9 (RLIN) | 15265 |
| Topical term or geographic name as entry element | تلوث البيئة |
| 700 1# - ADDED ENTRY--PERSONAL NAME | |
| 9 (RLIN) | 15176 |
| Personal name | هدارة، سيد رمضان |
| 700 1# - ADDED ENTRY--PERSONAL NAME | |
| 9 (RLIN) | 15177 |
| Personal name | زكي، شويكار محمد |
| 700 1# - ADDED ENTRY--PERSONAL NAME | |
| 9 (RLIN) | 15178 |
| Personal name | عفت، إيناس |
| 942 ## - ADDED ENTRY ELEMENTS (KOHA) | |
| Source of classification or shelving scheme | Dewey Decimal Classification |
| Item type | Book - Borrowing |
| Withdrawn status | Item status | Source of classification or shelving scheme | Damaged status | Not for loan | Vendor | Home library | Current library | Shelving location | Date acquired | Source of acquisition | Total Checkouts | Full call number | Barcode | Date last seen | Koha item type | Public note |
|---|---|---|---|---|---|---|---|---|---|---|---|---|---|---|---|---|
| Dewey Decimal Classification | Donation-Gift | Central Library | Central Library | First floor | 24/06/2010 | Donation | 301.31 برا | 000021093 | 15/07/2025 | Book - Borrowing | Donated by : Dr. Bassem Ahmed |